000 00874cab a2200277 4500
001 ABS58859
008 090401t1998 xxu||||| |||| 00| 0 eng d
035 _a(Sirsi) u87031
041 _aeng
100 _aVarcoe, B.
245 4 _aThe six rings of facilities management
260 _c1998
350 _a0
490 _aFacilities Management
_v5(5) June 1998, 8-10(3)
520 _aConsiders what facilities management embraces today, and the scope for facilities integration through a series of levels up to integrated `platform` provision.
650 _aBUILDING OPERATIONS
650 _aBUSINESS SERVICES
650 _aFACILITIES MANAGEMENT
_96240
650 _aGLOBAL
650 _aInfrastructure
_96246
650 _aProperty management
_96262
650 _aWORKPLACE
690 _aCOMMERCIAL PROPERTY-MANAGEMENT
942 _n0
948 _c25/06/1998
999 _c54829
_d54829